Environmental biotechnology

Saved in:
Bibliographic Details
Main Author: Scragg, A. H. (Alan H.) 1943-
Format: Book
Language:English
Published: Oxford : Oxford University Press, 2005
Edition:2nd ed.
Subjects:
Tags: Add Tag
No Tags, Be the first to tag this record!

MARC

LEADER 00000nam a2200000 i 4500
001 1/74754
008 080218s2005 eng d
020 |a 0-19-926867-3 
035 |l 10094737 
040 |a GR-MY-UA  |b gre  |e aacr 
041 0 |a eng 
082 0 |a 628.52  |2 (22) 
100 1 |a Scragg, A. H.  |q (Alan H.)  |d 1943- 
245 1 0 |a Environmental biotechnology /  |c Alan Scragg 
250 |a 2nd ed. 
260 |a Oxford :   |b Oxford University Press,   |c 2005 
300 |a 447 σ.;  |b πίν., σχέδια;  |c 25 εκ. 
504 |a Περιέχει βιβλιογραφικές παραπομπές και ευρετήριο 
650 0 0 |a Bioremediation. 
650 0 0 |a Sewage  |x Purification  |x Biological treatment. 
650 0 0 |a Refuse and refuse disposal  |x Biodegradation. 
852 |a INST  |b LESVOS  |e 20080218  |h 628.52 SCR  |p 005100038814  |q 005100038814  |t BK  |y 0 
901 |a BIBL1-2008-1 
909 |a Λ  |b 144881 
922 |a 1ΕΛΗ  |b 200801  |c ΕΠΕΑΕΚ2/ΤΠ  |d ΕΛΕΥΘΕΡΟΥΔΑΚΗΣ 
970 |a ΓΙΑΛΑΜΑ  |b ΜΑΡΙΑ  |z 2008/02/18